| 000 | 01336cac a2200337 i 4500 | ||
|---|---|---|---|
| 001 | 11151014 | ||
| 003 | EG-ScBUE | ||
| 005 | 20250727092527.0 | ||
| 008 | 740624t1987 nyua f b 001 0 eng d | ||
| 020 | _a0471849014 | ||
| 035 | _a(OCoLC)ocm00928160 | ||
| 040 |
_aEG-ScBUE _beng _erda _cEG-ScBUE _dEG-ScBUE |
||
| 082 | 0 | 4 |
_222 _a541.3 _bADV |
| 245 | 0 | 0 |
_aAdvances in chemical physics / _cedited by I. Prigogine, University of Brussels, Brussels, Belgium and University of Texas, Austin, Texas, and Stuart A. Rice, Department of Chemistry and The James Frank Institute, The University of Chicago, Chicago, Illinois. |
| 246 | 3 | 0 | _aChemical physics |
| 264 | 1 |
_aNew York : _bJohn Wiley & Sons, _c[1987] |
|
| 264 | 4 | _cc1987 | |
| 300 |
_aix, 412 pages : _billustrations ; _c22 cm. |
||
| 336 |
_2rdacontent _atext _btxt |
||
| 337 |
_aunmediated _2rdamedia _bn |
||
| 338 |
_avolume _bnc _2rdacarrier |
||
| 490 | 0 |
_aAdvances in chemical physics ; _vvolume LXVIII |
|
| 500 | _a"An Interscience publication." | ||
| 504 | _aIncludes bibliographical references and index. | ||
| 650 | 7 |
_911111 _aChemistry, Physical and theoretical. _2BUEsh |
|
| 655 | _vReading book | ||
| 700 | 1 |
_911107 _aPrigogine, I. _q(Ilya), _eeditor. |
|
| 700 | 1 |
_911108 _aRice, Stuart Alan, _d1932-2024, _eeditor. |
|
| 942 |
_2ddc _cBB |
||
| 999 |
_c13315 _d13315 |
||